Statistics for Biggest World Cities A-Z - Extreme

Click here to take the quiz!

General Stats

  • This quiz has been taken 351 times
    (125 since last reset)
  • The average score is 71 of 104

Answer Stats

LetterPopulationCountryCity% Correct
C21.9 milEgyptCairo
98%
N23.0 milUnited StatesNew York City
98%
B19.9 milThailandBangkok
97%
B20.5 milChinaBeijing
97%
B16.8 miArgentinaBuenos Aires
97%
D32.4 milIndiaDelhi
97%
M17.4 milRussiaMoscow
96%
O17.7 milJapanOsaka
96%
I16.5 milTurkeyIstanbul
95%
L14.8 milUnited KingdomLondon
95%
L17.5 milUnited StatesLos Angeles
95%
P11.4 milFranceParis
95%
T40.7 milJapanTokyo
95%
A6.05 milEgyptAlexandria
94%
J28.6 milIndonesiaJakarta
94%
J14.5 milSouth AfricaJohannesburg
94%
L20.7 milNigeriaLagos
94%
M26.4 milPhilippinesManila
94%
M24.7 milMexicoMexico City
94%
R13.3 milBrazilRio de Janeiro
94%
D20.9 milBangladeshDhaka
93%
F3.27 milGermanyFrankfurt
93%
K9.10 milMalaysiaKuala Lumpur
91%
P7.55 milUnited StatesPhiladelphia
91%
M26.1 milIndiaMumbai
90%
T9.20 milTaiwanTaipei
90%
A6.00 milUnited StatesAtlanta
89%
G3.25 milGuatemalaGuatemala City
89%
H10.9 milVietnamHo Chi Minh City
89%
Q2.82 milEcuadorQuito
89%
S24.8 milSouth KoreaSeoul
89%
T15.8 milIranTehran
89%
K14.5 milDRCKinshasa
88%
V2.95 milCanadaVancouver
88%
A6.15 milGhanaAccra
87%
S39.3 milChinaShanghai
87%
V2.25 milAustriaVienna
87%
G65.1 milChinaGuangzhou
86%
R8.80 milSaudi ArabiaRiyadh
86%
S22.7 milBrazilSao Paulo
86%
W8.75 milUnited StatesWashington
86%
W10.8 milChinaWuhan
86%
G5.65 milMexicoGuadalajara
85%
K18.6 milPakistanKarachi
85%
U1.47 milMongoliaUlaanbaatar
85%
D7.35 milUnited StatesDallas
84%
E1.37 milCanadaEdmonton
84%
O3.57 milUnited StatesOrlando
84%
D6.75 milTanzaniaDar es Salaam
83%
J5.30 milSaudi ArabiaJeddah
83%
X11.6 milChinaXi'an
83%
B13.2 milIndiaBangalore
82%
C11.9 milIndiaChennai
82%
H10.7 milIndiaHyderabad
82%
K17.2 milIndiaKolkata
82%
L13.9 milPakistanLahore
81%
N10.5 milJapanNagoya
81%
A9.05 mIndiaAhmedabad
79%
Y3.65 milCameroonYaounde
79%
C15.2 milChinaChengdu
77%
X14.1 milChinaXiamen
77%
F3.75 milBrazilFortaleza
76%
O2.75 milBurkina FasoOuagadougou
74%
N8.85 milChinaNanjing
73%
R3.87 milBrazilRecife
71%
Y5.85 milMyanmarYangon
71%
T11.2 milChinaTianjin
70%
P4.72 milUnited StatesPhoenix
69%
P7.35 milIndiaPune
68%
F3.85 miPakistanFaisalabad
62%
Q7.05 milChinaQingdao
62%
F4.45 milChinaFuzhou
60%
H12.5 milChinaHangzhou
60%
U3.87 milChinaUrumqi
59%
H7.40 milChinaHong Kong
57%
I3.30 milIranIsfahan
57%
I3.80 milNigeriaIbadan
56%
U1.13 milRussiaUfa
52%
R3.62 milPakistanRawalpindi
50%
Z8.95 milChinaZhengzhou
50%
E1.14 milIraqErbil
49%
C10.0 milChinaChangsha
41%
S8.40 milChinaShenyang
41%
N6.85milChinaNingbo
39%
I3.40 milIndiaIndore
38%
W5.05 milChinaWenzhou
34%
Z3.72 milChinaZibo
32%
J6.20 milChinaJinan
28%
O2.17 milJapanOkayama
28%
U1.09 milSouth KoreaUlsan
27%
Q1.59 milMexicoQueretaro
24%
G4.62 milChinaGuiyang
22%
E1.06 milNigeriaEnugu
15%
V2.30 milIndiaVisakhapatnam
14%
X3.05 milChinaXuzhou
14%
W2.97 milChinaWeifang
13%
Y2.45 milChinaYantai
11%
V2.30 milIndiaVadodara
10%
X2.42 milChinaXinxiang
7%
Z2.32 milChinaZhuhai
7%
E1.15 milChinaEzhou
5%
Q1.62 milChinaQinhuangdao
3%
Y2.35 milChinaYiwu
3%
Z1.77 milChinaZunyi
2%

Score Distribution

Percentile by Number Answered

Percent of People with Each Score

Your Score History

You have not taken this quiz since the last reset